Their Own Idea (Record no. 3511)

MARC details
000 -LEADER
fixed length control field 00337nam a22001337a 4500
008 - FIXED-LENGTH DATA ELEMENTS--GENERAL INFORMATION
fixed length control field 250515b |||||||| |||| 00| 0 eng d
020 ## - INTERNATIONAL STANDARD BOOK NUMBER
ISBN 1853391395
100 ## - MAIN ENTRY--AUTHOR
Author HARPER, Malcolm
245 ## - TITLE STATEMENT
Title Their Own Idea
260 ## - PUBLICATION, DISTRIBUTION, ETC. (IMPRINT)
Place of publication U.S.A
Name of publisher Intermediate Technology Publication
Date of publication 1992
300 ## - COLLATION
Pagination viii, 149p.
942 ## - ADDED ENTRY ELEMENTS (KOHA)
Item type Books
050 ## - LIBRARY OF CONGRESS CALL NUMBER
Classification number HD2951
Item number .H37

No items available.